Birds of the world / (Record no. 133985)

MARC details
000 -LEADER
fixed length control field 00748nam a22002537a 4500
005 - DATE AND TIME OF LATEST TRANSACTION
control field 20170124110218.0
010 ## - LIBRARY OF CONGRESS CONTROL NUMBER
LC control number 897739
020 ## - INTERNATIONAL STANDARD BOOK NUMBER
Terms of availability 00.00
International Standard Book Number 0413386309
035 ## - SYSTEM CONTROL NUMBER
System control number 897739
037 ## - SOURCE OF ACQUISITION
Source of stock number/acquisition Cen Lib/Ret
040 ## - CATALOGING SOURCE
Original cataloging agency DPL
Language of cataloging EN
082 ## - DEWEY DECIMAL CLASSIFICATION NUMBER
Classification number 599.2
Item number HVA
100 ## - MAIN ENTRY--PERSONAL NAME
Personal name Hvass, Hans
9 (RLIN) 39451
245 ## - TITLE STATEMENT
Title Birds of the world /
Statement of responsibility, etc by Hans Hvass; translated by Gwynne Vevers; illustrated by Wilhelm Eigener
260 ## - PUBLICATION, DISTRIBUTION, ETC. (IMPRINT)
Place of publication, distribution, etc London
Name of publisher, distributor, etc Eyre Methuen
Date of publication, distribution, etc 1978
270 ## - ADDRESS
City London
300 ## - PHYSICAL DESCRIPTION
Extent 210p. :
Dimensions 22cm(Hb)
Other physical details col.ill.
500 ## - GENERAL NOTE
General note Includes index
650 ## - SUBJECT ADDED ENTRY--TOPICAL TERM
Topical term or geographic name as entry element Birds -- Pictorial works
9 (RLIN) 39452
650 ## - SUBJECT ADDED ENTRY--TOPICAL TERM
Topical term or geographic name as entry element Birds
9 (RLIN) 39453
700 ## - ADDED ENTRY--PERSONAL NAME
Personal name Vevers, Gwynne
9 (RLIN) 39454
700 ## - ADDED ENTRY--PERSONAL NAME
Personal name Eigener, Wilhelm
9 (RLIN) 39455
942 ## - ADDED ENTRY ELEMENTS (KOHA)
Source of classification or shelving scheme Dewey Decimal Classification
Koha item type English Books
Classification part 599.2
Call number suffix HVA
Holdings
Withdrawn status Lost status Damaged status Not for loan Collection code Home library Current library Date acquired Source of acquisition Cost, normal purchase price Total Checkouts Full call number Barcode Date last seen Copy number Cost, replacement price Price effective from Koha item type
      Not For Loan Reference Central Library Central Library 28/07/2015 Cen Lib/Ret 0.00   599.2 HVA 897739 28/07/2015 1 0.00 28/07/2015 English Books

© Delhi Public Library
Hit Counter
free hit counter